000 00907cab a2200277 4500
001 WB3225-05
008 090401t1996 xxu||||| |||| 00| 0 eng d
035 _a(Sirsi) u39932
041 _aeng
245 _aPull of the pubs
260 _c1996
350 _a0
490 _aSunday Telegraph
_v23 June 1996, c.5
490 _aFinancial Times
_v22&23 June 1996, 9(3)
520 _aExamines recent trends in public houses focusing on the success of the Magic Pub Company, the move towards managed pubs rather than tenanted and their attraction to investors. Table of pub company owners.
650 _aCANNON MICHAEL
650 _aJ D WETHERSPOON
650 _aLICENSED PREMISES
650 _aMAGIC PUB COMPANY
650 _aPUBLIC HOUSE MARKET
650 _aPUBLIC HOUSES
690 _aPROPERTY-COMMERCIAL PROPERTY
690 _aLEISURE AND RECREATION
942 _n0
948 _c04/03/1997
999 _c25561
_d25561